| 000 | 00876cam a22002054a 4500 | ||
|---|---|---|---|
| 005 | 20250605164148.0 | ||
| 008 | 250528s ||||||||||||||||||||||||d | ||
| 035 | _a19271 | ||
| 020 | _a7386700 | ||
| 040 |
_aGR-AtMCL _bgre _dGR-AtMCL _eAACR2 |
||
| 245 | 1 | _aAttitudes Toward Formal and Adult Education / An Investigation Among Greeks | |
| 250 | _a1st | ||
| 260 |
_bNational Centre Of Social Research, _c1973 |
||
| 300 | _a95 | ||
| 520 | _aΠρόλογος, Acknowledgements, Introduction, Chapter I. Formal and Adult and Education in Greece, Chapter II: Design of the Literature, Chapter III: Design of the Study, Chapter IV: Analysis of the Data, Table of Contents, Chapter V: Discussion of the Findings of the Study, Chapte VI: Summary, Conclusions and Implications. | ||
| 700 | 1 |
_aTryphonopoulos Spyros I _95496 |
|
| 942 | _cBK | ||
| 999 |
_c4535 _d4535 |
||